O´Neill´s the emperor Jones; The hairy ape and Mourning becomes Electra: notes
Uloženo v:
| Hlavní autor: | |
|---|---|
| Médium: | Kniha |
| Jazyk: | Undetermined |
| Vydáno: |
Nebraska, Estados Unidos
Cliff´s Notes
1966
|
| Témata: | |
| Tagy: |
Přidat tag
Žádné tagy, Buďte první, kdo vytvoří štítek k tomuto záznamu!
|
MARC
| LEADER | 00000nam a2200000Ia 4500 | ||
|---|---|---|---|
| 008 | 170316s9999 xx 000 0 und d | ||
| 040 | |a cru BVZT | ||
| 090 | |a C-810 C-3o | ||
| 100 | |a Clark, Peter | ||
| 245 | |a O´Neill´s the emperor Jones; The hairy ape and Mourning becomes Electra: notes | ||
| 260 | |a Nebraska, Estados Unidos | ||
| 260 | |b Cliff´s Notes | ||
| 260 | |c 1966 | ||
| 300 | |a 108 páginas | ||
| 650 | |a LITERATURA ESTADOUNIDENSE | ||
| 650 | |a CRÍTICA | ||
| 999 | |c 12834 |d 12834 | ||
| 942 | |c 15 D |h C-810 C-3o |2 z | ||
